| 000 | 00975cam a22002535a 4500 | ||
|---|---|---|---|
| 001 | 16007159 | ||
| 005 | 20151117151305.0 | ||
| 008 | 091203t2010 maua frb 001 0 eng d | ||
| 020 | _a9780262026512 (hardcover : alk. paper) | ||
| 040 |
_aDLC _cDLC _dEG-ScBUE _beng |
||
| 082 | 0 | 4 |
_a025.524 _222 _bBUT |
| 100 | 1 |
_aBüttcher, Stefan. _938769 |
|
| 245 | 1 | 0 |
_aInformation retrieval : _bimplementing and evaluating search engines / _cStefan Buttcher, Charles L. A. Clarke, Gordon V. Cormack. |
| 260 |
_aCambridge, Massachusetts ; _aLondon : _bMassachusetts Institute of Technology, _cc.2010. |
||
| 300 |
_axxiv, 606 p. : _bill. ; _c24 cm. |
||
| 500 | _aIndex : p. 597-606. | ||
| 504 | _aIncludes bibliographical references. | ||
| 650 | 0 |
_aSearch engines _xProgramming. _2BUEsh |
|
| 650 | 0 |
_aInformation retrieval. _2BUEsh |
|
| 653 |
_bCOMSCI _cAugust2015 _cNovember2015 |
||
| 700 | 1 |
_aClarke, Charles L. A., _d1964- |
|
| 700 | 1 | _aCormack, Gordon V. | |
| 942 |
_2ddc _k025.524 BUT |
||
| 999 |
_c20532 _d20504 |
||